LEADER 02006nam0 22003253i 450 001 SUN0082533 005 20160930122230.5 100 $a20110310d2007 |0engc50 ba 101 $aeng$aITA 102 $aIT 105 $a|||| ||||| 200 1 $aIntensity scale ESI 2007$fauthors A. M. Michetti ... [et al.]$geditors L. Guerrieri, E. Vittori 205 $a[Roma] : SystemCart$b2007 210 $d41 p. : ill. ; 29 cm 215 $aIn testa al front.: APAT, Agenzia per la protezione dell'ambiente e per i servizi tecnici, Dipartimento difesa del suolo, Servizio geologico d'Italia. 410 1$1001SUN0082510$12001 $aMemorie descrittive della carta geologica d'Italia$fR. Ufficio Geologico. - Roma : Tipografia Nazionale. - L'indicazione di resp. varia in: Servizio geologico d'Italia, poi APAT, Dipartimento difesa del suolo, Servizio geologico d'Italia, poi ISPRA. - L'ed. varia in: Istituto poligrafico e Zecca dello Stato, poi APAT, poi ISPRA. - Il formato varia in: 29 cm.$vLXXIV 510 1$3SUN0082534$aˆLa ‰Scala di Intensità ESI 2007. 620 $dRoma$3SUNL000360 676 $a551.220287$cSismografia$v22 702 1$aVittori$b, Eutizio$3SUNV068340 702 1$aMichetti$b, Alessandro Maria$3SUNV068341 702 1$aGuerrieri$b, Luca$3SUNV068350 712 $aSystemCart$3SUNV008422$4650 801 $aIT$bSOL$c20181109$gRICA 856 4 $uhttp://www.isprambiente.gov.it/site/it-IT/Pubblicazioni/Periodici_tecnici/Memorie_descrittive_della_Carta_Geologica_d'Italia/Documenti/memoriedescrittive_lxxiv.html#Sommario 912 $aSUN0082533 950 $aUFFICIO DI BIBLIOTECA DEL DIPARTIMENTO DI SCIENZE E TECNOLOGIE AMBIENTALI BIOLOGICHE E FARMACEUTICHE$d17 CONS Sc98 $e17 OM 128 995 $aUFFICIO DI BIBLIOTECA DEL DIPARTIMENTO DI SCIENZE E TECNOLOGIE AMBIENTALI BIOLOGICHE E FARMACEUTICHE$bIT-CE0101$gOM$h128$kCONS Sc98$oc$qa 996 $aIntensity scale ESI 2007$959465 997 $aUNICAMPANIA LEADER 03920nam 22006615 450 001 9910300400503321 005 20200704010738.0 010 $a3-319-21906-5 024 7 $a10.1007/978-3-319-21906-6 035 $a(CKB)3710000000494338 035 $a(EBL)4068101 035 $a(SSID)ssj0001585504 035 $a(PQKBManifestationID)16263171 035 $a(PQKBTitleCode)TC0001585504 035 $a(PQKBWorkID)14865360 035 $a(PQKB)10187084 035 $a(DE-He213)978-3-319-21906-6 035 $a(MiAaPQ)EBC4068101 035 $a(PPN)190532238 035 $a(EXLCZ)993710000000494338 100 $a20151023d2015 u| 0 101 0 $aeng 135 $aur|n|---||||| 181 $ctxt 182 $cc 183 $acr 200 10$aRemote Observatories for Amateur Astronomers $eUsing High-Powered Telescopes from Home /$fby Gerald R. Hubbell, Richard J. Williams, Linda M. Billard 205 $a1st ed. 2015. 210 1$aCham :$cSpringer International Publishing :$cImprint: Springer,$d2015. 215 $a1 online resource (272 p.) 225 1 $aThe Patrick Moore Practical Astronomy Series,$x1431-9756 300 $aDescription based upon print version of record. 311 $a3-319-21905-7 320 $aIncludes bibliographical references at the end of each chapters and index. 327 $aFrom the Contents: Introduction to Remote Observatories for the Amateur Astronomer -- Part I Designing, Building, and Operating Your Own Remote Observatory -- Remote Observatories as Land-Based Space Probes -- Part II Using Professional-Level Remote Observatories for your Observing Program -- Part III Professional-Level Projects for Amateur Astronomers -- Observing Projects for the Remote Amateur Astronomer. 330 $aAmateur astronomers who want to enhance their capabilities to contribute to science need look no farther than this guide to using remote observatories.  The contributors cover how to build your own remote observatory as well as the existing infrastructure of commercial networks of remote observatories that are available to the amateur. They provide specific advice on which programs to use based on your project objectives and offer practical project suggestions. Remotely controlled observatories have many advantages?the most obvious that the observer does not have to be physically present to carry out observations. Such an observatory can also be used more fully because its time can be scheduled and usefully shared among several astronomers working on different observing projects. More and more professional-level observatories are open to use by amateurs in this way via the Internet, and more advanced amateur astronomers can even build their own remote observatories for sharing among members of a society or interest group. 410 0$aThe Patrick Moore Practical Astronomy Series,$x1431-9756 606 $aAstronomy 606 $aAstronomy$vObservations 606 $aAstronomy?Observations 606 $aPopular Science in Astronomy$3https://scigraph.springernature.com/ontologies/product-market-codes/Q11009 606 $aAstronomy, Observations and Techniques$3https://scigraph.springernature.com/ontologies/product-market-codes/P22014 615 0$aAstronomy. 615 0$aAstronomy 615 0$aAstronomy?Observations. 615 14$aPopular Science in Astronomy. 615 24$aAstronomy, Observations and Techniques. 676 $a522.1 700 $aHubbell$b Gerald R$4aut$4http://id.loc.gov/vocabulary/relators/aut$0969222 702 $aWilliams$b Richard J$4aut$4http://id.loc.gov/vocabulary/relators/aut 702 $aBillard$b Linda M$4aut$4http://id.loc.gov/vocabulary/relators/aut 801 0$bMiAaPQ 801 1$bMiAaPQ 801 2$bMiAaPQ 906 $aBOOK 912 $a9910300400503321 996 $aRemote Observatories for Amateur Astronomers$92508509 997 $aUNINA